书目信息 |
| 书名: | BAND OF BROTHERS | |
| 作者: | Stephen E.Ambrose | |
| 分册号: | ||
| 分册名: | 出版地: | New York |
|
| 出版社: | SIMON & SCHUSTER PAPERBACKS | |
| 出版时间: | 2010 | |
| 页数: | 333p | |
| 开本: | 23cm | |
| 丛书名: | ||
| 中图分类号: | ||
| 科图分类号: | ||
| 其他分类号: | I712.45 | |
| 主题词: | ||
| 电子资源: | ||
| 000 | 00532nam0 2200205 450 | |
| 001 | 052012180575 | |
| 005 | 20121117095910.0 | |
| 008 | 20021229d1997 em y0chiy0121 ea | |
| 020 | @a978-0-7432-2454-3@c$17.00 | |
| 041 | @aeng | |
| 091 | @aI712.45 | |
| 099 | @dI712.45@eS828 | |
| 100 | @aStephen E.Ambrose | |
| 245 | 10 | @aBAND OF BROTHERS@cStephen E.Ambrose |
| 260 | @aNew York@bSIMON & SCHUSTER PAPERBACKS@c2010 | |
| 300 | @a333p@c23cm | |
| 521 | @aBAND OF BROTHERS | |
| 905 | @b11817 | |
| 905 | @b10614 | |
| 905 | @aTSG@dI712.45@eS828 | |
| BAND OF BROTHERS / Stephen E.Ambrose.-New York : SIMON & SCHUSTER PAPERBACKS , 2010 |
| 333p ; 23cm |
| BAND OF BROTHERS |
| ISBN 978-0-7432-2454-3$17.00 |
| ● |
| 相关链接 |
|
|
|
正题名:BAND OF BROTHERS
索取号:I712.45/S828
 
预约/预借
| 序号 | 登录号 | 条形码 | 馆藏地/架位号 | 状态 | 备注 |
| 1 | 10614 | 300106141 | 文学库116/ [索取号:I712.45/S828] | 在馆 | |
| 2 | 11817 | 300118174 | 文学库116/ [索取号:I712.45/S828] | 在馆 |